Application of Mortality Laws on the Population in Slovakia Using Nonlinear Regression

Gespeichert in:
Bibliographische Detailangaben
1. Verfasser: Šoltésová, Tatiana, 1975-
Weitere Verfasser: Kútiková, Jana, 1995-
Format: Buchkapitel
Sprache:Englisch
Schlagworte:
Tags: Tag hinzufügen
Keine Tags, Fügen Sie das erste Tag hinzu!

MARC

LEADER 00000naa$a2200000$$$4500
001 0280228
005 20240502083852.8
041 0 |a eng 
044 |a HR 
245 1 0 |a Application of Mortality Laws on the Population in Slovakia Using Nonlinear Regression  |c Tatiana Šoltésová, Jana Kútiková 
500 |a Abstrakt 
610 2 0 |a populácia 
610 2 0 |a úmrtnosť 
610 2 0 |a vek 
610 2 0 |a muži 
610 2 0 |a ženy 
610 2 0 |a regresia 
100 1 |a Šoltésová, Tatiana, 1975- 
700 1 |a Kútiková, Jana, 1995-